000 nam a22 7a 4500
999 _c7431
_d7431
008 170830b xxu||||| |||| 00| 0 eng d
020 _a0713162899
100 _aGimson. A. C
_93956
245 _aAn introduction to the Pronounciation of english
250 _a3rd
260 _aHong kong
_bEdward arnald publishers limited
_c1980